| 000 | 00950cam a22002895a 4500 | ||
|---|---|---|---|
| 001 | 18308436 | ||
| 005 | 20160809160637.0 | ||
| 008 | 140919s2015 enka frb 001 0 eng d | ||
| 010 | _a 2014036607 | ||
| 020 | _a9780415721004 | ||
| 020 | _a0415721008 | ||
| 040 |
_aDLC _beng _cDLC _dDLC |
||
| 042 | _apcc | ||
| 082 | 0 | 4 |
_222 _a658.15 _bROB |
| 100 | 1 |
_aRoberts, Richard G. _940696 |
|
| 245 | 1 | 0 |
_aFinance for small and entrepreneurial businesses / _cRichard Roberts. |
| 260 |
_aOxford ; _aNew York : _bRoutledge / Taylor & Francis Group, _c2015. |
||
| 300 |
_axiv, 132 p. : _bill. ; _c24 cm. |
||
| 490 | 0 | _aRoutledge-ISBE masters in entrepreneurship | |
| 500 | _aIndex : p. 129-132. | ||
| 504 | _aIncludes bibliographical references. | ||
| 650 | 7 |
_aSmall business _xFinance. _2BUEsh _936459 |
|
| 650 | 7 |
_aNew business enterprises _xFinance. _2BUEsh _940697 |
|
| 651 | _2BUEsh | ||
| 653 |
_bBUSADM _cAugust 2016 |
||
| 942 |
_2ddc _e22 _k658.15 ROB |
||
| 999 |
_c22145 _d22117 |
||